000 00357nam a2200109Ia 4500
008 171204s9999 xx 000 0 und d
245 _aFinancial Analytics with R: Building a Laptop Laboratory for Data Science
245 _cMark J. Bennett
260 _c2016
650 _xFINANCIAL MANAGEMENT 1-2
856 _uhttp://down.ebook777.com/042/9781107150751.pdf
999 _c346954
_d346954